三菱総研vs.野村総研 : 21世紀へ挑戦する超頭脳集団の最先端戦略

Shranjeno v:
Bibliografske podrobnosti
Glavni avtor: 加藤大門(かとう だいもん)
Format: Knjiga
Jezik:Undetermined
Izdano: 東京 銀行時評社 1986
Teme:
Oznake: Označite
Brez oznak, prvi označite!
Thư viện lưu trữ: Trung tâm Học liệu Trường Đại học Cần Thơ
LEADER 00591nam a2200205Ia 4500
001 CTU_92378
008 210402s9999 xx 000 0 und d
082 |a 338.8 
082 |b K19 
100 |a 加藤大門(かとう だいもん) 
245 0 |a 三菱総研vs.野村総研 : 
245 0 |b 21世紀へ挑戦する超頭脳集団の最先端戦略 
245 0 |c 加藤大門 
260 |a 東京 
260 |b 銀行時評社 
260 |c 1986 
650 |a Corporations 
650 |z Japan 
904 |i Ngoc(Tuyen) 
980 |a Trung tâm Học liệu Trường Đại học Cần Thơ